Pablo Honey Tracklist (Radiohead) - Statistics

General Stats
  • This quiz has been taken 12 times
  • The average score is 10 of 12
Answer Stats
Hint Answer % Correct
6 Anyone Can Play Guitar
100%
2 Creep
100%
1 You
100%
3 How Do You?
90%
4 Stop Whispering
90%
8 Vegetable
90%
12 Blow Out
70%
10 I Can't
70%
11 Lurgee
70%
7 Ripcord
70%
5 Thinking About You
60%
9 Prove Yourself
40%
No matching quizzes found
Score Distribution
Percent of People with Each Score
Percentile by Number Answered
Your Score History
You have not taken this quiz